000 00734mam a2200265 a 4500
001 2004834
003 LC
005 20160222134731.0
008 940405s1977 nyu 000 0 eng d
020 _a0451180739
035 _a(OCoLC)ocm30087454
040 _aVTU
_cVTU
_dOCL
050 _aPZ 4
_b.B6533 1977
082 _aFIC
_bB62b 1977
100 1 _aBlock, Lawrence.
_918703
245 1 0 _aBurglars can't be choosers :
_cLawrence Block
_ba bernie rhodenbarr mystery /
260 _aNew York :
_bPenguin Group,
_cc1977.
300 _a301 p. ;
_c18 cm.
562 _e1
650 0 _aMystery
_vFiction.
_918716
655 7 _aDetective and mystery stories.
_2gsafd
_93472
942 _2lcc
_cBK
999 _c11044
_d11044